LIBRARY ONLINE CATALOGUE

The Entrepreneur in focus : (Record no. 338)

MARC details
000 -LEADER
fixed length control field 00682nam a22002172 4500
001 - CONTROL NUMBER
control field 0000001350
005 - DATE AND TIME OF LATEST TRANSACTION
control field 20151021151052.0
008 - FIXED-LENGTH DATA ELEMENTS--GENERAL INFORMATION
fixed length control field 070305s xx 000 0 eng d
020 ## - INTERNATIONAL STANDARD BOOK NUMBER
International Standard Book Number 186152918X :
Terms of availability KES 2,339
040 ## - CATALOGING SOURCE
Original cataloging agency KABU
Transcribing agency KABU
050 #0 - LIBRARY OF CONGRESS CALL NUMBER
Classification number HB615
Item number .B65
100 1# - MAIN ENTRY--PERSONAL NAME
Personal name Bolton, Bill.
-- 0000149995
245 14 - TITLE STATEMENT
Title The Entrepreneur in focus :
Remainder of title achieve your potential /
Statement of responsibility, etc. Bill Bolton and John Thompson.
260 ## - PUBLICATION, DISTRIBUTION, ETC. (IMPRINT)
Place of publication, distribution, etc. London :
Name of publisher, distributor, etc. Thomson Learning,
Date of publication, distribution, etc. 2003.
300 ## - PHYSICAL DESCRIPTION
Extent xii, 276 p.
650 #0 - SUBJECT ADDED ENTRY--TOPICAL TERM
Topical term or geographic name as entry element Entrepreneurship.
-- 0000148283
700 1# - ADDED ENTRY--PERSONAL NAME
Personal name Thompson, John.
-- 0000149996
852 1# - LOCATION
-- p3250 KES
908 ## - PUT COMMAND PARAMETER (RLIN)
Put command parameter 070305
950 ## - LOCAL HOLDINGS (RLIN)
-- 1
Holdings
Withdrawn status Lost status Source of classification or shelving scheme Not for loan Home library Current library Date acquired Total Checkouts Full call number Barcode Date last seen Date last checked out Price effective from Koha item type
    Library of Congress Classification   Kabarak, Main Campus Kabarak, Main Campus 17/12/2015   HB615 .B65 c. 1 001146 17/12/2015   17/12/2015 General Collection
    Library of Congress Classification   Kabarak, Main Campus Kabarak, Main Campus 17/12/2015 1 HB615 .B65 c. 2 23486 02/08/2024 25/01/2024 17/12/2015 General Collection
    Library of Congress Classification   Kabarak, Nakuru City Campus Kabarak, Nakuru City Campus 21/10/2015 3 HB615 .B65 c. 1 23279 18/02/2019 12/02/2019 21/10/2015 General Collection